Nationalities - Statistics

General Stats
  • This quiz has been taken 160 times
  • The average score is 93 of 196
Answer Stats
From Answer % Correct
Afghanistan Afghan
92%
Albania Albanian
92%
Austria Austrian
92%
Algeria Algerian
91%
Argentina Argentinian
91%
Armenia Armenian
91%
Australia Australian
90%
Angola Angolan
87%
Andorra Andorran
84%
Antigua & Barbuda Antiguan or Barbudan
81%
Belgium Belgian
80%
Azerbaijan Azerbaijani
79%
Bahrain Bahraini
78%
Brazil Brazilian
78%
Bulgaria Bulgarian
77%
Canada Canadian
77%
Bolivia Bolivian
76%
Bangladesh Bangladeshi
75%
Croatia Croatian
75%
Greece Greek
75%
Hungary Hungarian
75%
India Indian
75%
Italy Italian
75%
Ireland Irish
74%
Cambodia Cambodian
73%
Haiti Haitian
73%
Japan Japanese
72%
China Chinese
71%
Colombia Colombian
71%
Chile Chilean
70%
Denmark Dane or Danish
69%
South Korea South Korean
69%
Finland Finn
68%
Iraq Iraqi
68%
North Korea North Korean
68%
Costa Rica Costa Rican
67%
Dominica | Dominican Republic Dominican
67%
Egypt Egyptian
67%
Iran Iranian
67%
Kenya Kenyan
67%
Guinea Guinean
66%
Israel Israeli
66%
Cuba Cuban
65%
Czech Republic Czech
65%
Indonesia Indonesian
65%
France French
64%
Jamaica Jamaican
64%
Lithuania Lithuanian
64%
Burma Burmese
63%
Cameroon Cameroonian
63%
Estonia Estonian
62%
Germany German
62%
Guatemala Guatemalan
62%
Latvia Latvian
62%
Liberia Liberian
62%
Macedonia Macedonian
62%
Malaysia Malaysian
62%
Norway Norwegian
62%
Grenada Grenadian or Grenadan
61%
Libya Libyan
61%
Mexico Mexican
61%
The Bahamas Bahamian
60%
Jordan Jordanian
60%
Bhutan Bhutanese
58%
Burundi Burundian
58%
Chad Chadian
58%
Lebanon Lebanese
58%
Russia Russian
58%
Georgia Georgian
57%
Oman Omani
57%
Fiji Fijian
56%
Laos Lao or Laotian
56%
Poland Pole or Polish
56%
Ethiopia Ethiopian
55%
Guyana Guyanese
54%
Kuwait Kuwaiti
54%
Pakistan Pakistani
54%
Barbados Barbadian
53%
Honduras Honduran
53%
Cyprus Cypriot
52%
Eritrea Eritrean
52%
Kyrgyzstan Kyrgyz or Kirghiz
52%
Malta Maltese
52%
Moldova Moldovan
52%
Portugal Portuguese
51%
Romania Romanian
51%
Saudi Arabia Saudi Arabian
51%
D.R Congo | Republic of Congo Congolese
50%
Mali Malian
50%
Serbia Serbian
50%
Brunei Bruneian
49%
The Gambia Gambian
49%
Kazakhstan Kazakhstani
49%
Mongolia Mongolian
49%
Netherlands Dutch
48%
Gabon Gabonese
48%
Kiribati I-Kiribati
48%
Peru Peruvian
48%
Spain Spaniard or Spanish
47%
Sweden Swedish or Swede
47%
Nigeria Nigerian
46%
Cape Verde Cape Verdian or Verdean
45%
Morocco Moroccan
45%
Samoa Samoan
45%
Malawi Malawian
44%
Paraguay Paraguayan
44%
Slovakia Slovakian
44%
Phillippines Filipino
43%
Mauritania Mauritanian
43%
Slovenia Slovenian
43%
Thailand Thai
43%
United States of America American
42%
Belize Belizean
42%
Djibouti Djibouti
42%
F.S. Micronesia Micronesian
42%
Qatar Qatari
42%
Turkey Turkish
42%
Benin Beninese
41%
Guinea-Bissau Guinea-Bissauan
41%
Namibia Namibian
41%
Nepal Nepalese
41%
Syria Syrian
41%
United Kingdom British
40%
Central African Republic Central African
40%
Rwanda Rwandan
40%
Switzerland Swiss
40%
Somalia Somali
39%
Palau Palauan
38%
Senegal Senegalese
37%
South Sudan | Sudan Sudanese
37%
Taiwan Taiwanese
37%
New Zealand New Zealander or Kiwi
36%
South Africa South African
36%
Panama Panamanian
35%
Tanzania Tanzanian
35%
Ghana Ghanaian
34%
Iceland Icelander
34%
Nicaragua Nicaraguan
33%
Ukraine Ukrainian
33%
Côte d'Ivoire Ivorian
32%
Monaco Monegasque or Monacan
32%
Tajikistan Tajik or Tadzhik
32%
Tunisia Tunisian
32%
Uzbekistan Uzbek or Uzbekistani
32%
Marshall Islands Marshallese
31%
Vietnam Vietnamese
31%
Mauritius Mauritian
30%
Singapore Singaporean
30%
Uganda Ugandan
30%
Montenegro Montenegrin
29%
Papua New Guinea Papua New Guinean
29%
Sri Lanka Sri Lankan
29%
Turkmenistan Turkmen
29%
Nauru Nauruan
28%
Venezuela Venezuelan
28%
Madagascar Malagasy
27%
Equatorial Guinea Equatorial Guinean or Equatoguinean
26%
Zambia Zambian
26%
East Timor East Timorese
25%
Swaziland Swazi
25%
Tonga Tongan
25%
Kosovo Kosovar
24%
Luxembourg Luxembourger
24%
Saint Lucia Saint Lucian
24%
Uruguay Uruguayan
24%
Yemen Yemeni
24%
Tuvalu Tuvaluan
23%
Liechtenstein Liechtensteiner
22%
El Salvador Salvadoran
22%
Comoros Comoran
20%
Trinidad & Tobago Trinidadian or Tobagonian
20%
Zimbabwe Zimbabwean
20%
Seychelles Seychellois
18%
Sierra Leone Sierra Leonean
18%
Togo Togolese
18%
Ecuador Ecuadorean
17%
São Tomé & Principe São Toméan
16%
Solomon Islands Solomon Islander
16%
Burkina Faso Burkinabe
15%
Niger Nigerien
14%
Belarus Belorussian
13%
Maldives Maldivan
12%
Saint Vincent & The Grenadines Saint Vincentian
10%
Botswana (Singular) Motswana
6%
Lesotho (Singular) Mosotho
5%
Mozambique Mozambican
5%
Holy See (Vatican) None
5%
Suriname Surinamer
5%
Bosnia & Herzegovina Bosnian or Herzegovinian
4%
Saint Kitts & Nevis Kittian & Nevisian
1%
Vanuatu Ni-Vanuatu
1%
San Marino Sammarinese or San Marinese
1%
United Arab Emirates Emirian
0%
No matching quizzes found
Score Distribution
Percent of People with Each Score
Percentile by Number Answered
Your Score History
You have not taken this quiz